000 00384nam a2200133Ia 4500
008 231129s2010||||xx |||||||||||||| ||spa||
020 _a978-958-8562-19-3
040 _bspa
082 _aCo863.6 F957
245 0 _aFugas de tinta 2: Historias escritas en cautiverio
260 _c2010
264 _aMedellí­n Tragaluz Editores
942 _2ddc
_cBKS
999 _c14229
_d14229